00461nam a2200181 a 4500001001300000003000900013005001700022008004100039020001000080082001700090100001700107245001900124260004500143300000900188500003500197505002600232650002100258nice12345678IN_TiNIC20260116014556.0050524s2001 newa grp 000 0 urd  ac14000a297.124bSAL aSaleh, Subhi aUloomul Hadees aNew DelhibIslamic Book Foundationc2001 a452p aincludes index and biblioraphy2 aIndex, Quranic Verses aHadith-Criticism